• 首页
  • 本馆介绍
  • 公告通知
  • 最新文献
  • 馆藏检索
  • 电子资源
  • 读者导购
  • 参考咨询
  • 我的图书馆
  • 登录
  • 详细信息显示
  • 放入我的书架
  • 预约/预借图书
  • 作者相关作品
  • 分类相关作品
  • 丛书相关作品
  • 出版社相关作品

书目信息

  • 表格格式
  • 工作单格式
  • 卡片格式
题名:
新编颜真卿书法鉴赏
    
 
作者: 向冀 主编
分册:  
出版信息: 北京   北京工业大学出版社  2014.01
页数: 32,473页
开本: 22cm
丛书名:
单 册:
中图分类: J292.112.4
科图分类:
主题词: 书法
电子资源:
ISBN: 978-7-5639-3717-2
000 00869nam0 2200265 450
001 0120141206449
005 20140610163350.25
010    @a978-7-5639-3717-2@b精装@dCNY55.00
100    @a20140114d2014 em y0chiy0110 ea
101 0  @achi
102    @aCN@b110000
105    @ay z 000yy
106    @ar
200 1  @a新编颜真卿书法鉴赏@9xin bian yan zhen qing shu fa jian shang@f向冀主编
210    @a北京@c北京工业大学出版社@d2014.01
215    @a32,473页@d22cm
330    @a本书收录颜真卿众多书法作品中的各种范字,构成一部书法鉴赏作品,范字排布和页面设计比较合理,选字比较丰富,鉴赏和收藏价值较高。
333    @a书法爱好者
600  0 @a颜真卿@f(709-785)@x书法@x鉴赏
600  0 @a颜真卿@f(709-785)
606 0  @a书法
690    @aJ292.112.4@v5
701  0 @a向冀@9xiang ji@4主编
801  0 @aCN@b人天书店@c20140114
905    @b845521-23@dJ292.112.4@e536@f3
    
    新编颜真卿书法鉴赏/向冀主编.-北京:北京工业大学出版社,2014.01
    32,473页;22cm
    使用对象:书法爱好者
    
    ISBN 978-7-5639-3717-2(精装):CNY55.00
    本书收录颜真卿众多书法作品中的各种范字,构成一部书法鉴赏作品,范字排布和页面设计比较合理,选字比较丰富,鉴赏和收藏价值较高。
●
相关链接 在E读中查询图书 在五车中查询图书 在当当中查询图书 在豆瓣中查询图书


正题名:新编颜真卿书法鉴赏     索取号:J292.112.4/536         预约/预借

序号 登录号 条形码 馆藏地/架位号 状态 备注
1 845521   208455214   第一样本阅览室/ [索取号:J292.112.4/536] 在馆    
2 845522   208455223   第一借阅区/ [索取号:J292.112.4/536] 在馆    
3 845523   208455232   第一借阅区/ [索取号:J292.112.4/536] 在馆    
唐山师范学院图书馆 欢迎您!
大连网信软件有限公司© 版权所有